[Event "Skakligaen 2025-26"]
[Site "Denmark"]
[Date "2025.12.14"]
[Round "4.2"]
[White "Matthiesen, Martin"]
[Black "Rasmussen, Karsten"]
[Result "1-0"]
[WhiteElo "2289"]
[BlackElo "2415"]
[EventDate "2025.11.01"]
[EventType "team-tourn"]
[EventRounds "9"]
[EventCountry "DEN"]
[SourceTitle "Holdskaksystemet"]
[WhiteTeam "SK1968"]
[BlackTeam "Aarhus/Skolerne"]
[WhiteTeamCountry "DEN"]
[BlackTeamCountry "DEN"]

1. e4 c5 2. Nf3 d6 3. d4 cxd4 4. Nxd4 Nf6 5. Nc3 Nc6 6. Bg5 e6 7. Qd2 Be7 8. O-O-O O-O 9. Nb3 Qb6 10. Kb1 Rd8 11. f3 d5 12. Bxf6 dxe4 13. Bxe7 Rxd2 14. Nxd2 exf3 15. gxf3 e5 16. Bh4 Be6 17. Bc4 Bxc4 18. Nxc4 Qb4 19. Rhg1 Qxc4 20. Bf6 g6 21. Rg4 Qe6 22. Ne4 Nb4 23. b3 Nd5 24. Bg5 h5 25. Rg2 Nb6 26. Rgd2 f5 27. Rd6 Qf7 28. Rd8+ Rxd8 29. Rxd8+ Kg7 30. Bf6+ Qxf6 31. Nxf6 Kxf6 32. c4 e4 33. fxe4 f4 34. c5 1-0

[Event "Skakligaen 2025-26"]
[Site "Denmark"]
[Date "2025.12.14"]
[Round "4.3"]
[White "Skytte, Rasmus"]
[Black "Thogersen, Rasmus"]
[Result "1-0"]
[WhiteElo "2354"]
[BlackElo "2278"]
[EventDate "2025.11.01"]
[EventType "team-tourn"]
[EventRounds "9"]
[EventCountry "DEN"]
[SourceTitle "Holdskaksystemet"]
[WhiteTeam "Aarhus/Skolerne"]
[BlackTeam "SK1968"]
[WhiteTeamCountry "DEN"]
[BlackTeamCountry "DEN"]

1. d4 Nf6 2. Bg5 d5 3. Nd2 Nbd7 4. e3 e6 5. Bd3 Bd6 6. f4 c5 7. c3 cxd4 8. exd4 h6 9. Bxf6 Qxf6 10. Ne2 g5 11. fxg5 hxg5 12. Qa4 Ke7 13. O-O-O g4 14. h3 Nb6 15. Qa5 Bd7 16. Kb1 Qf2 17. c4 dxc4 18. Rhf1 Qe3 19. Nxc4 Nxc4 20. Bxc4 b6 21. Qa6 gxh3 22. gxh3 Rxh3 23. Qb7 Rd8 24. Nc3 Kf8 25. Bb5 Rh2 26. Bxd7 Ba3 27. Na4 Qe2 28. Rxf7+ Kg8 29. Rg1+ Kh8 30. Qc7 Qe4+ 31. Ka1 Qh4 32. Qe5+ 1-0

[Event "Skakligaen 2025-26"]
[Site "Denmark"]
[Date "2025.12.14"]
[Round "4.4"]
[White "Bank, Pelle Rodkjaer"]
[Black "Sorensen, Jan"]
[Result "1-0"]
[WhiteElo "2257"]
[BlackElo "2367"]
[EventDate "2025.11.01"]
[EventType "team-tourn"]
[EventRounds "9"]
[EventCountry "DEN"]
[SourceTitle "Holdskaksystemet"]
[WhiteTeam "SK1968"]
[BlackTeam "Aarhus/Skolerne"]
[WhiteTeamCountry "DEN"]
[BlackTeamCountry "DEN"]

1. e4 e6 2. d4 d5 3. Nc3 Bb4 4. Qd3 dxe4 5. Qxe4 Nf6 6. Qh4 Nc6 7. Nf3 Ne7 8. Bd3 Nf5 9. Bxf5 exf5 10. O-O O-O 11. Bg5 Be7 12. Rfe1 c6 13. Rad1 h6 14. d5 hxg5 15. Nxg5 Re8 16. dxc6 Bd6 17. Rxe8+ Qxe8 18. Nd5 Nxd5 19. Qh7+ Kf8 20. Qh8+ Ke7 21. Qxg7 Nf6 22. Re1+ Ne4 23. f3 Be6 24. fxe4 f4 25. Nxe6 Kxe6 26. cxb7 Rb8 27. e5 Bc5+ 28. Kh1 Rxb7 29. Qf6+ Kd7 30. Qxf4 Qe6 31. Rd1+ Kc7 32. b3 Be7 33. c4 Rb8 34. Qd4 Ra8 35. h3 a5 36. Qd5 Ra6 37. Qb5 Bb4 38. Qd5 Qxd5 39. cxd5 Kd7 40. Rf1 Ke7 41. g4 Bc3 42. Rf5 Ra7 43. Kg2 Rd7 44. Rxf7+ Kxf7 45. e6+ Ke7 46. exd7 Kxd7 47. Kf3 Kd6 48. Ke4 Bf6 49. Kf5 Bc3 50. h4 Kxd5 51. g5 Kd6 52. Kg6 Ke6 53. h5 Bd2 54. h6 Bc1 55. h7 Bb2 56. a3 1-0

[Event "Skakligaen 2025-26"]
[Site "Denmark"]
[Date "2025.12.14"]
[Round "4.5"]
[White "Christensen, Tobias Bent"]
[Black "Rewitz, Poul"]
[Result "1/2-1/2"]
[WhiteElo "2328"]
[BlackElo "2254"]
[EventDate "2025.11.01"]
[EventType "team-tourn"]
[EventRounds "9"]
[EventCountry "DEN"]
[SourceTitle "Holdskaksystemet"]
[WhiteTeam "Aarhus/Skolerne"]
[BlackTeam "SK1968"]
[WhiteTeamCountry "DEN"]
[BlackTeamCountry "DEN"]

1. Nf3 b6 2. e4 Bb7 3. Nc3 e6 4. a3 Nf6 5. e5 Nd5 6. Nxd5 Bxd5 7. d4 d6 8. Bf4 Nd7 9. Be2 Be7 10. O-O O-O 11. h3 1/2-1/2

[Event "Skakligaen 2025-26"]
[Site "Denmark"]
[Date "2025.12.14"]
[Round "4.6"]
[White "Lauridsen, Jesper Morch"]
[Black "Vinther Schou, Uffe"]
[Result "1-0"]
[WhiteElo "2218"]
[BlackElo "2287"]
[EventDate "2025.11.01"]
[EventType "team-tourn"]
[EventRounds "9"]
[EventCountry "DEN"]
[SourceTitle "Holdskaksystemet"]
[WhiteTeam "SK1968"]
[BlackTeam "Aarhus/Skolerne"]
[WhiteTeamCountry "DEN"]
[BlackTeamCountry "DEN"]

1. e4 e5 2. Nf3 Nc6 3. d4 exd4 4. Bc4 Bc5 5. O-O d6 6. c3 Bg4 7. Qb3 Bxf3 8. Bxf7+ Kf8 9. gxf3 Ne5 10. Be6 Nxf3+ 11. Kg2 Qf6 12. Nd2 Nh4+ 13. Kh1 dxc3 14. bxc3 Re8 15. Bd7 Re7 16. Bh3 g5 17. f4 gxf4 18. Qxb7 Ng6 19. Nf3 Nh6 20. Bb2 Nf7 21. Nd4 Ng5 22. Bf5 Kg7 23. Nc6 Rhe8 24. c4 Ne5 25. Rxf4 Be3 26. Rff1 Rf7 27. Qb5 Bc5 28. Bh3 Qh6 29. Nxe5 dxe5 30. Qxe8 Qxh3 31. Qxe5+ Kg6 32. Rxf7 Bd6 33. Qf5+ 1-0

[Event "Skakligaen 2025-26"]
[Site "Denmark"]
[Date "2025.12.14"]
[Round "4.7"]
[White "Pedersen, Finn"]
[Black "Hansen, Lars"]
[Result "1/2-1/2"]
[WhiteElo "2274"]
[BlackElo "2216"]
[EventDate "2025.11.01"]
[EventType "team-tourn"]
[EventRounds "9"]
[EventCountry "DEN"]
[SourceTitle "Holdskaksystemet"]
[WhiteTeam "Aarhus/Skolerne"]
[BlackTeam "SK1968"]
[WhiteTeamCountry "DEN"]
[BlackTeamCountry "DEN"]

1. Nf3 Nf6 2. d4 e6 3. e3 b6 4. Bd3 Bb7 5. O-O c5 6. Re1 Nc6 7. c3 Qc7 8. Nbd2 d5 9. a3 Be7 10. b4 O-O 11. Bb2 e5 12. b5 e4 13. bxc6 Bxc6 14. Be2 exf3 15. Bxf3 Rac8 16. dxc5 Bxc5 17. c4 Be7 18. Rc1 Qb7 19. cxd5 Bxd5 20. e4 Rxc1 21. Qxc1 Rc8 22. Qa1 Bc6 23. Nf1 Ne8 24. Ng3 g6 25. Qd1 Bf8 26. Bg4 Rc7 27. h4 Re7 28. f3 Bg7 29. Bxg7 Nxg7 30. h5 Qc7 31. Kf2 Bd7 32. hxg6 hxg6 33. Bxd7 Rxd7 34. Qc1 Ne6 35. Qxc7 Rxc7 36. Re3 Nf4 37. Ne2 Rc2 38. g3 Nxe2 39. Rxe2 Rc3 40. Re3 Rc2+ 41. Re2 Rc1 42. f4 Kf8 43. Re3 Ke7 44. e5 Ke6 45. Kf3 g5 46. Rd3 gxf4 47. gxf4 Kf5 48. Rd7 Rc3+ 49. Ke2 Kxf4 50. Rxf7+ Kxe5 51. Rxa7 1/2-1/2

[Event "Skakligaen 2025-26"]
[Site "Denmark"]
[Date "2025.12.14"]
[Round "4.8"]
[White "Moller, Morten Kock"]
[Black "Sobjerg, Erik"]
[Result "0-1"]
[WhiteElo "2177"]
[BlackElo "2229"]
[EventDate "2025.11.01"]
[EventType "team-tourn"]
[EventRounds "9"]
[EventCountry "DEN"]
[SourceTitle "Holdskaksystemet"]
[WhiteTeam "SK1968"]
[BlackTeam "Aarhus/Skolerne"]
[WhiteTeamCountry "DEN"]
[BlackTeamCountry "DEN"]

1. e4 e6 2. d4 d5 3. Nc3 Nf6 4. e5 Nfd7 5. f4 c5 6. Nf3 Nc6 7. Be3 Qb6 8. Na4 Qa5+ 9. c3 b6 10. Bd2 c4 11. b4 Nxb4 12. cxb4 Bxb4 13. Qc2 b5 14. Bxb4 Qxb4+ 15. Nc3 Qa5 16. Kf2 f6 17. Be2 O-O 18. Rhf1 b4 19. Nd1 g5 20. Ne3 gxf4 21. Ng4 fxe5 22. Nfxe5 Qb6 23. Rad1 Nxe5 24. Nxe5 Rf5 25. Ke1 Qd8 26. Rf3 a5 27. Rh3 a4 28. Bg4 b3 29. Qf2 Rf6 30. Qh4 Qe7 31. a3 Ba6 32. Bh5 Raf8 33. Ng4 e5 34. Qg5+ Kh8 35. Nxf6 exd4+ 36. Kf2 d3 37. Bg6 Qe2+ 0-1

[Event "Skakligaen 2025-26"]
[Site "Denmark"]
[Date "2026.01.24"]
[Round "5.1"]
[White "Hillarp Persson, Tiger"]
[Black "Rozentalis, Eduardas"]
[Result "1/2-1/2"]
[WhiteElo "2438"]
[BlackElo "2459"]
[EventDate "2025.11.01"]
[EventType "team-tourn"]
[EventRounds "9"]
[EventCountry "DEN"]
[SourceTitle "Holdskaksystemet"]
[WhiteTeam "Bronshoj"]
[BlackTeam "Koge"]
[WhiteTeamCountry "DEN"]
[BlackTeamCountry "DEN"]

1. d4 Nf6 2. c4 e6 3. Nc3 Bb4 4. e3 d5 5. a3 Bxc3+ 6. bxc3 c6 7. a4 O-O 8. Ba3 Re8 9. Nf3 Qc7 10. Rc1 Nbd7 11. cxd5 cxd5 12. Qb3 Nb6 13. Nd2 Bd7 14. a5 Nc8 15. Bb4 Ne7 16. Be2 Nc6 17. Qa3 Nxb4 18. cxb4 Qd6 19. O-O Rec8 20. Bd3 b6 21. h3 1/2-1/2

[Event "Skakligaen 2025-26"]
[Site "Denmark"]
[Date "2026.01.24"]
[Round "5.2"]
[White "Sorensen, Hampus"]
[Black "Ahlander, Bjorn"]
[Result "1-0"]
[WhiteElo "2454"]
[BlackElo "2391"]
[EventDate "2025.11.01"]
[EventType "team-tourn"]
[EventRounds "9"]
[EventCountry "DEN"]
[SourceTitle "Holdskaksystemet"]
[WhiteTeam "Koge"]
[BlackTeam "Bronshoj"]
[WhiteTeamCountry "DEN"]
[BlackTeamCountry "DEN"]

1. e4 e5 2. Nf3 Nf6 3. Nxe5 d6 4. Nf3 Nxe4 5. c4 d5 6. cxd5 Qxd5 7. Nc3 Nxc3 8. bxc3 Bd6 9. d4 O-O 10. Be2 Bf5 11. O-O Nd7 12. Be3 c6 13. c4 Qe4 14. Rc1 h6 15. Qb3 Rab8 16. Rfd1 Qe7 17. c5 Bc7 18. d5 cxd5 19. Qxd5 Be6 20. Qd2 Rfd8 21. Qb2 Nf6 22. Bd4 Bf4 23. Ra1 Rbc8 24. Re1 a6 25. Bc4 Rc6 26. Bxe6 Rxe6 27. Rxe6 fxe6 28. g3 Bb8 29. Rb1 e5 30. Be3 e4 31. Nd4 Be5 32. Qb3+ Kh8 33. Qc4 Ng4 34. Nf5 Nxe3 35. fxe3 Qc7 36. Nh4 Bf6 37. Ng6+ Kh7 38. Qxe4 Qxc5 39. Nf8+ Kh8 40. Qh7# 1-0

[Event "Skakligaen 2025-26"]
[Site "Denmark"]
[Date "2026.01.24"]
[Round "5.3"]
[White "Falkesgaard, Jeppe Hald"]
[Black "Pantzar, Milton"]
[Result "0-1"]
[WhiteElo "2246"]
[BlackElo "2421"]
[EventDate "2025.11.01"]
[EventType "team-tourn"]
[EventRounds "9"]
[EventCountry "DEN"]
[SourceTitle "Holdskaksystemet"]
[WhiteTeam "Bronshoj"]
[BlackTeam "Koge"]
[WhiteTeamCountry "DEN"]
[BlackTeamCountry "DEN"]

1. d4 d5 2. c4 e6 3. Nc3 a6 4. cxd5 exd5 5. Nf3 h6 6. Bf4 Nf6 7. e3 Bd6 8. Be5 c6 9. Bd3 O-O 10. O-O Re8 11. h3 Qe7 12. Bxd6 Qxd6 13. Ne5 c5 14. Rc1 b5 15. Bb1 Bb7 16. Ne2 c4 17. Ng3 Nc6 18. f4 Ne7 19. Nh5 Rad8 20. Nxf6+ Qxf6 21. f5 Nc6 22. Ng4 Qg5 23. f6 Bc8 24. fxg7 Bxg4 25. hxg4 Qxe3+ 26. Kh1 Qe2 27. Rf6 Qxd1+ 28. Rxd1 Re6 29. Rf4 Kxg7 30. Rdf1 f6 31. Kh2 Rdd6 32. R1f2 Re1 33. Bf5 Rd1 34. Re2 Rxd4 35. Rxd4 Nxd4 0-1

[Event "Skakligaen 2025-26"]
[Site "Denmark"]
[Date "2026.01.24"]
[Round "5.4"]
[White "Smith, Axel"]
[Black "Pilgaard, Kim"]
[Result "1-0"]
[WhiteElo "2430"]
[BlackElo "2351"]
[EventDate "2025.11.01"]
[EventType "team-tourn"]
[EventRounds "9"]
[EventCountry "DEN"]
[SourceTitle "Holdskaksystemet"]
[WhiteTeam "Koge"]
[BlackTeam "Bronshoj"]
[WhiteTeamCountry "DEN"]
[BlackTeamCountry "DEN"]

1. c4 e6 2. Nc3 d5 3. d4 Nf6 4. cxd5 exd5 5. Bg5 c6 6. e3 Be7 7. Bd3 Nbd7 8. Nge2 Nf8 9. O-O Ne6 10. Bh4 O-O 11. f3 c5 12. dxc5 Bxc5 13. Qd2 Qb6 14. Bf2 Bd7 15. Bc2 Rad8 16. Rfd1 Qa6 17. Bh4 Be7 18. Bxf6 Bxf6 19. Nxd5 Bg5 20. f4 Bc6 21. Bd3 1-0

[Event "Skakligaen 2025-26"]
[Site "Denmark"]
[Date "2026.01.24"]
[Round "5.5"]
[White "Aabling Thomsen, Jakob"]
[Black "Jorgensen, Brian"]
[Result "1-0"]
[WhiteElo "2334"]
[BlackElo "2241"]
[EventDate "2025.11.01"]
[EventType "team-tourn"]
[EventRounds "9"]
[EventCountry "DEN"]
[SourceTitle "Holdskaksystemet"]
[WhiteTeam "Bronshoj"]
[BlackTeam "Koge"]
[WhiteTeamCountry "DEN"]
[BlackTeamCountry "DEN"]

1. e4 c5 2. Nf3 Nc6 3. d3 d6 4. g3 Nf6 5. Bg2 e6 6. O-O Be7 7. Qe2 Qc7 8. c3 Bd7 9. d4 d5 10. exd5 Nxd5 11. c4 Nf6 12. Bf4 Qb6 13. dxc5 Bxc5 14. Nc3 O-O 15. Rad1 Rfd8 16. Nb5 e5 17. Bg5 e4 18. Bxf6 exf3 19. Qxf3 gxf6 20. Rxd7 Ne5 21. Rxd8+ Rxd8 22. Qe2 Nd3 23. Be4 Nxf2 24. Rxf2 Bxf2+ 25. Qxf2 Rd1+ 26. Kg2 Qd8 27. Kh3 Qc8+ 28. Qf5 Qxf5+ 29. Bxf5 Rd2 30. Nxa7 Rxb2 31. a3 b6 32. Be4 Kf8 33. Bxh7 Ke7 34. Nb5 Ke6 35. Be4 f5 36. Bd5+ Ke7 37. a4 f6 38. Nd4 Rf2 39. a5 bxa5 40. Nc6+ Kd6 41. Nxa5 Rc2 42. Nb7+ Ke5 43. Nc5 Kd6 44. Nd3 Rd2 45. Nf4 Ke5 46. c5 Rc2 47. Bg2 Ra2 48. Bb7 Rc2 49. c6 Kd6 50. Nd5 Kxd5 1-0

[Event "Skakligaen 2025-26"]
[Site "Denmark"]
[Date "2026.01.24"]
[Round "5.6"]
[White "Meskenas, Paulius"]
[Black "Bromann, Thorbjorn"]
[Result "1/2-1/2"]
[WhiteElo "2205"]
[BlackElo "2362"]
[EventDate "2025.11.01"]
[EventType "team-tourn"]
[EventRounds "9"]
[EventCountry "DEN"]
[SourceTitle "Holdskaksystemet"]
[WhiteTeam "Koge"]
[BlackTeam "Bronshoj"]
[WhiteTeamCountry "DEN"]
[BlackTeamCountry "DEN"]

1. e4 g6 2. d4 Bg7 3. Nf3 d6 4. c3 Nc6 5. Bb5 Bd7 6. Be3 Nf6 7. Nbd2 O-O 8. O-O a6 9. Ba4 e5 10. dxe5 dxe5 11. Bxc6 Bxc6 12. Nxe5 Bxe4 13. Nxe4 Nxe4 14. Nc4 Qe8 15. Re1 Qb5 16. Qe2 Rfe8 17. a4 Qf5 18. Qc2 Qd5 19. Na3 Rad8 20. Rad1 Qc6 21. c4 Bf8 22. Nb1 Bb4 23. Rf1 Bc5 24. Bxc5 Rxd1 25. Rxd1 Qxc5 26. b3 Qb4 27. Kf1 Nc5 28. Nd2 Rd8 29. Nf3 Rxd1+ 30. Qxd1 Nxb3 31. Qd8+ Kg7 32. Qxc7 Qc3 33. Ne5 Qc1+ 34. Ke2 Qc2+ 35. Ke3 Qc3+ 36. Kf4 g5+ 37. Kxg5 Qd2+ 38. f4 Qxg2+ 39. Ng4 h6+ 40. Kh4 Qe4 41. Qb6 Qe1+ 42. Kh5 Qa5+ 43. Qxa5 Nxa5 44. Ne3 Kh7 45. h3 Nb3 46. Nf5 Nc5 47. Nxh6 f6 48. a5 Nb3 49. Nf5 Nxa5 50. Nd6 b6 51. Kg4 Kg6 52. h4 f5+ 53. Nxf5 Nxc4 54. h5+ Kf6 55. h6 Kg6 56. Ne7+ Kxh6 57. Kf5 Nd6+ 58. Ke6 Ne4 59. Kd5 Nf6+ 60. Kc6 b5 61. Kb6 b4 62. Nf5+ Kh5 63. Nd4 Kg4 64. Kxa6 Kxf4 65. Kb5 Nd5 66. Kc4 Ke4 67. Nc2 Ke5 68. Nxb4 Nxb4 69. Kxb4 1/2-1/2

[Event "Skakligaen 2025-26"]
[Site "Denmark"]
[Date "2026.01.24"]
[Round "5.7"]
[White "Hoi, Carsten"]
[Black "Henriksen, Kasper"]
[Result "1-0"]
[WhiteElo "2275"]
[BlackElo "2112"]
[EventDate "2025.11.01"]
[EventType "team-tourn"]
[EventRounds "9"]
[EventCountry "DEN"]
[SourceTitle "Holdskaksystemet"]
[WhiteTeam "Bronshoj"]
[BlackTeam "Koge"]
[WhiteTeamCountry "DEN"]
[BlackTeamCountry "DEN"]

1. Nf3 Nf6 2. c4 Nc6 3. d4 e6 4. Nc3 Bb4 5. e3 d6 6. Bd3 e5 7. Qc2 O-O 8. O-O Bxc3 9. bxc3 Qe7 10. Ng5 h6 11. Ne4 Re8 12. f3 Nxe4 13. Bxe4 Bd7 14. Bd2 Na5 15. Bd3 c5 16. e4 Rac8 17. d5 b5 18. cxb5 c4 19. Be2 Bxb5 20. Rab1 Qd7 21. Rb4 Nb7 22. Rfb1 Ba6 23. Be3 Nc5 24. Bxc5 dxc5 25. Qa4 Qd6 26. R4b2 f5 27. Bxc4 Bxc4 28. Qxc4 fxe4 29. fxe4 Rf8 30. Rf2 Rxf2 31. Kxf2 Kh7 32. Kg1 Qg6 33. Qe2 Rf8 34. Rd1 Rf6 35. Qd3 Rd6 36. g3 Qe8 37. Qf3 Rf6 38. Qe2 Qg6 39. Rf1 Rb6 40. c4 Rb4 41. Rd1 Rb6 42. Qd3 Qd6 43. Rd2 Rb8 44. Kg2 Rb6 45. Qf3 Rb1 46. Qf5+ Kg8 47. Rf2 Rb8 48. h4 Qe7 49. Kh3 Rd8 50. g4 Qd6 51. g5 h5 52. Qf7+ 1-0

[Event "Skakligaen 2025-26"]
[Site "Denmark"]
[Date "2026.01.24"]
[Round "5.8"]
[White "Li, Anna Sofie"]
[Black "Palm, Nikolaj"]
[Result "0-1"]
[WhiteElo "2094"]
[BlackElo "2268"]
[EventDate "2025.11.01"]
[EventType "team-tourn"]
[EventRounds "9"]
[EventCountry "DEN"]
[SourceTitle "Holdskaksystemet"]
[WhiteTeam "Koge"]
[BlackTeam "Bronshoj"]
[WhiteTeamCountry "DEN"]
[BlackTeamCountry "DEN"]

1. e4 e5 2. Nf3 Nc6 3. Bb5 a6 4. Ba4 Nf6 5. O-O Be7 6. Re1 b5 7. Bb3 d6 8. c3 O-O 9. h3 Na5 10. Bc2 c5 11. d4 Qc7 12. Nbd2 g6 13. Nf1 Nh5 14. Bh6 Re8 15. d5 Bf8 16. Bc1 Nc4 17. a4 Bd7 18. b3 Nb6 19. a5 Nc8 20. g4 Nf4 21. Kh2 Bg7 22. Be3 h5 23. Bxf4 hxg4 24. Bd2 gxf3 25. Qxf3 f6 26. Ne3 Kf7 27. Ng4 Rh8 28. Rg1 Ne7 29. Rg3 Rh5 30. Qg2 Rah8 31. Bd1 f5 32. Nxe5+ Bxe5 33. f4 Bf6 34. Bxh5 Rxh5 35. Re1 fxe4 36. Qxe4 Rxd5 37. Qg2 Rh5 38. b4 Bf5 39. Rge3 Qd7 40. Bc1 cxb4 41. cxb4 d5 42. Bb2 d4 43. Rf3 Nd5 44. Bc1 Nxb4 45. Qf1 Nc6 46. Bd2 Nd8 47. Rc1 Ne6 48. Qg2 Be4 49. Qe2 Bxf3 50. Qxf3 Qd5 51. Qd3 Nc5 52. Qa3 d3 53. Be3 Qf3 54. Qa2+ Kg7 55. Bxc5 Rxh3+ 56. Kg1 Rh1# 0-1

[Event "Skakligaen 2025-26"]
[Site "Denmark"]
[Date "2026.01.24"]
[Round "5.1"]
[White "Rasmussen, Karsten"]
[Black "Hansen, Curt"]
[Result "0-1"]
[WhiteElo "2408"]
[BlackElo "2590"]
[EventDate "2025.11.01"]
[EventType "team-tourn"]
[EventRounds "9"]
[EventCountry "DEN"]
[SourceTitle "Holdskaksystemet"]
[WhiteTeam "Aarhus/Skolerne"]
[BlackTeam "Frem"]
[WhiteTeamCountry "DEN"]
[BlackTeamCountry "DEN"]

1. d4 Nf6 2. c4 e6 3. Nf3 b6 4. g3 Bb7 5. Bg2 Bb4+ 6. Bd2 a5 7. O-O O-O 8. Nc3 d6 9. Qc2 Nbd7 10. Rad1 h6 11. Rfe1 Bxc3 12. Bxc3 Be4 13. Qc1 c6 14. b3 b5 15. Bb2 Qb8 16. Nh4 Bxg2 17. Nxg2 d5 18. Nf4 bxc4 19. bxc4 Nb6 20. Ba3 Re8 21. cxd5 cxd5 22. Bc5 Nc4 23. Qc2 Ne4 24. Nd3 Qc7 25. Qc1 Rab8 26. Qa1 Rb5 27. Rb1 Reb8 28. Rxb5 Rxb5 29. Rb1 Qb7 30. Rxb5 Qxb5 31. f3 Nxc5 32. dxc5 e5 33. a4 Qb3 34. Kg2 d4 35. Nxe5 Nxe5 36. Qxd4 Nc6 37. Qd6 Qxa4 38. Qd7 g6 39. g4 Qb5 40. Qe8+ Kg7 41. Qe3 Qb4 42. h4 a4 43. h5 g5 0-1

[Event "Skakligaen 2025-26"]
[Site "Denmark"]
[Date "2026.01.24"]
[Round "5.2"]
[White "Rasmussen, Allan Stig"]
[Black "Skytte, Rasmus"]
[Result "1/2-1/2"]
[WhiteElo "2491"]
[BlackElo "2356"]
[EventDate "2025.11.01"]
[EventType "team-tourn"]
[EventRounds "9"]
[EventCountry "DEN"]
[SourceTitle "Holdskaksystemet"]
[WhiteTeam "Frem"]
[BlackTeam "Aarhus/Skolerne"]
[WhiteTeamCountry "DEN"]
[BlackTeamCountry "DEN"]

1. c4 Nf6 2. g3 g6 3. Bg2 Bg7 4. Nc3 d6 5. d4 O-O 6. Nf3 c5 7. O-O Nc6 8. d5 Na5 9. Nd2 a6 10. Qc2 Rb8 11. b3 b5 12. Bb2 bxc4 13. bxc4 Nd7 14. Nd1 Bxb2 15. Nxb2 e6 16. Rab1 exd5 17. cxd5 Ne5 18. h3 Re8 19. f4 Nd7 20. e4 Rb5 21. Kh2 Nb6 22. Qc3 Rb4 23. a3 Na4 24. Qc2 Rxb2 25. Rxb2 Nxb2 26. Qxb2 Bd7 27. Qc3 Bb5 28. Rf2 f5 29. h4 Nb7 30. exf5 gxf5 31. Bh3 Rf8 32. Nf3 Qf6 33. Qc2 Nd8 34. a4 Bd7 35. Bf1 Nf7 36. Ng5 Nh6 37. Bh3 Rb8 38. Re2 Rb4 39. a5 Bb5 40. Rd2 Rd4 41. Ne6 Rxd2+ 42. Qxd2 Bc4 43. Ng5 Qe7 44. Ne6 Qf6 45. Ng5 Qe7 46. Ne6 Qf6 1/2-1/2

[Event "Skakligaen 2025-26"]
[Site "Denmark"]
[Date "2026.01.24"]
[Round "5.3"]
[White "Sorensen, Jan"]
[Black "Loftgaard, Mikkel Vinh"]
[Result "1/2-1/2"]
[WhiteElo "2360"]
[BlackElo "2300"]
[EventDate "2025.11.01"]
[EventType "team-tourn"]
[EventRounds "9"]
[EventCountry "DEN"]
[SourceTitle "Holdskaksystemet"]
[WhiteTeam "Aarhus/Skolerne"]
[BlackTeam "Frem"]
[WhiteTeamCountry "DEN"]
[BlackTeamCountry "DEN"]

1. e4 e5 2. Nc3 Nf6 3. Bc4 Nc6 4. d3 Na5 5. Nge2 Nxc4 6. dxc4 Bc5 7. Qd3 O-O 8. O-O a5 9. Be3 Bxe3 10. Qxe3 d6 11. c5 dxc5 12. Qxc5 Nd7 13. Qe3 c6 14. Rfd1 a4 15. b3 axb3 16. axb3 Rxa1 17. Rxa1 Qe7 18. Na4 Rd8 19. Ng3 g6 20. Qc3 h5 21. Rd1 h4 22. Nf1 Re8 23. h3 b5 24. Nb2 Nc5 25. Qb4 Kg7 26. Nd3 Nxd3 27. Qxe7 Rxe7 28. Rxd3 Rd7 29. Rxd7 Bxd7 30. b4 f5 31. f3 Kf6 32. Kf2 Be6 33. Nd2 Ke7 34. Ke3 Kf6 35. Nb1 f4+ 36. Kf2 Ke7 37. Nd2 Kd6 38. Ke2 c5 39. c3 c4 1/2-1/2

[Event "Skakligaen 2025-26"]
[Site "Denmark"]
[Date "2026.01.24"]
[Round "5.4"]
[White "Le Besq, Alexander"]
[Black "Christensen, Tobias Bent"]
[Result "1/2-1/2"]
[WhiteElo "2282"]
[BlackElo "2327"]
[EventDate "2025.11.01"]
[EventType "team-tourn"]
[EventRounds "9"]
[EventCountry "DEN"]
[SourceTitle "Holdskaksystemet"]
[WhiteTeam "Frem"]
[BlackTeam "Aarhus/Skolerne"]
[WhiteTeamCountry "DEN"]
[BlackTeamCountry "DEN"]

1. e4 e6 2. d4 d5 3. e5 c5 4. c3 Nc6 5. Nf3 Bd7 6. Be2 Nge7 7. Na3 cxd4 8. cxd4 Ng6 9. Nc2 Be7 10. Bd2 Rc8 11. O-O Qb6 12. Rb1 Na5 13. b3 Bb5 1/2-1/2

[Event "Skakligaen 2025-26"]
[Site "Denmark"]
[Date "2026.01.24"]
[Round "5.5"]
[White "Vinther Schou, Uffe"]
[Black "Dyrgaard, Kristoffer"]
[Result "1-0"]
[WhiteElo "2281"]
[BlackElo "2268"]
[EventDate "2025.11.01"]
[EventType "team-tourn"]
[EventRounds "9"]
[EventCountry "DEN"]
[SourceTitle "Holdskaksystemet"]
[WhiteTeam "Aarhus/Skolerne"]
[BlackTeam "Frem"]
[WhiteTeamCountry "DEN"]
[BlackTeamCountry "DEN"]

1. e4 c5 2. Nf3 Nc6 3. Bb5 g6 4. c3 Nf6 5. Qe2 Bg7 6. O-O O-O 7. d4 cxd4 8. cxd4 d5 9. e5 Ne8 10. Be3 Bg4 11. Nbd2 f6 12. Bxc6 bxc6 13. h3 Bxf3 14. Nxf3 fxe5 15. dxe5 Rxf3 16. Qxf3 Bxe5 17. Rac1 Qd6 18. Rc2 a5 19. Rfc1 Rc8 20. Qg4 e6 21. Bc5 Qd7 22. Re1 Bf6 23. Rxe6 Rd8 24. Rce2 Qf7 25. Qf4 1-0

[Event "Skakligaen 2025-26"]
[Site "Denmark"]
[Date "2026.01.24"]
[Round "5.6"]
[White "Nilssen, Ellen Fredericia"]
[Black "Pedersen, Finn"]
[Result "1/2-1/2"]
[WhiteElo "2153"]
[BlackElo "2272"]
[EventDate "2025.11.01"]
[EventType "team-tourn"]
[EventRounds "9"]
[EventCountry "DEN"]
[SourceTitle "Holdskaksystemet"]
[WhiteTeam "Frem"]
[BlackTeam "Aarhus/Skolerne"]
[WhiteTeamCountry "DEN"]
[BlackTeamCountry "DEN"]

1. d4 d5 2. c4 c6 3. cxd5 cxd5 4. Nc3 Nf6 5. Bf4 Nc6 6. Nf3 e6 7. e3 Bd6 8. Bxd6 Qxd6 9. Be2 O-O 10. O-O Bd7 11. Qd3 Rfc8 12. Rfc1 a6 13. Na4 Nb4 14. Qb3 Bxa4 15. Qxa4 Nd7 16. a3 Nc6 17. Rc3 Nb6 18. Qc2 g6 19. Rc1 Kg7 20. h4 h5 21. Ng5 Ne7 22. Qb3 Rxc3 23. Rxc3 Rc8 24. Rxc8 Nexc8 25. Qc2 Ne7 26. Nf3 Qc6 27. Qxc6 Nxc6 28. b3 Nc8 29. Kf1 Nd6 30. Bd3 f6 31. Nd2 e5 32. dxe5 fxe5 33. e4 d4 34. Bc4 b5 35. Bd5 Ne7 36. Be6 Kf6 37. Bh3 a5 38. Ke2 g5 39. hxg5+ Kxg5 40. Kd3 Nb7 41. g3 Nc5+ 42. Ke2 Kf6 43. b4 axb4 44. axb4 Ne6 45. Nb1 Ng5 46. Bg2 Nc8 47. Kd3 Nd6 48. Nd2 Ne6 49. Bh3 Ng5 50. Bg2 Ne6 51. Bh3 1/2-1/2

[Event "Skakligaen 2025-26"]
[Site "Denmark"]
[Date "2026.01.24"]
[Round "5.7"]
[White "Sobjerg, Erik"]
[Black "Andries, Alf"]
[Result "1-0"]
[WhiteElo "2238"]
[BlackElo "2089"]
[EventDate "2025.11.01"]
[EventType "team-tourn"]
[EventRounds "9"]
[EventCountry "DEN"]
[SourceTitle "Holdskaksystemet"]
[WhiteTeam "Aarhus/Skolerne"]
[BlackTeam "Frem"]
[WhiteTeamCountry "DEN"]
[BlackTeamCountry "DEN"]

1. e4 e5 2. Bc4 Nf6 3. d3 Nc6 4. Nc3 Bc5 5. f4 h5 6. Nf3 Ng4 7. Na4 Qe7 8. Nxc5 Qxc5 9. Qe2 Nd4 10. Nxd4 exd4 11. O-O Qe7 12. h3 Qh4 13. Rf3 d6 14. Bd2 Nh6 15. f5 Qf6 16. Rf2 h4 17. Qh5 Bd7 18. Bg5 Qe5 19. Qxh4 f6 20. Qh5+ Kd8 21. Bf4 Qe7 22. Re2 Be8 23. Qf3 Kc8 24. Qf2 c5 25. Qg3 Kc7 26. Rae1 Bh5 27. e5 fxe5 28. Rxe5 Qf8 29. Rxc5+ Kb6 30. Bxd6 Nxf5 31. Rxf5 1-0